Intensifikacija vosproizvodstva osnovnych fondov

Uložené v:
Podrobná bibliografia
Médium: Kniha
Jazyk:Russian
Vydavateľské údaje: Kijev Technika 1987
Vydanie:1. izd.
Tagy: Pridať tag
Žiadne tagy, Buďte prvý, kto otaguje tento záznam!

MARC

LEADER 00000nam a2200000 4500
001 c033485
005 20221219133022.2
041 0 |a rus 
044 |a UA 
245 1 0 |a Intensifikacija vosproizvodstva osnovnych fondov 
250 |a 1. izd. 
264 1 |a Kijev  |b Technika  |c 1987 
300 |a 191 s.